000 00635nam a2200205Ia 4500
005 20250923144947.0
008 008 250917s9999 xx 000 0 eng d
037 _aTextual
040 _aDSWL
_beng
_cDSWL
041 _aeng
_2eng
084 _aY133:7:7.2, J81
_qDSWL
100 _aAlter, J.P.
_9830301
245 0 _aCommunity development in India's industry urban areas
_cby J.P. Alter
260 _aBanglore
_bCommittee for Literature on Social Concerns Bonglore
_c1958
300 _aVIII,151 p.
365 _aINR
_b4.00
925 _g4.00
942 _cTEXL
_hY133:7:7.2, J81
999 _c1445419
_d1445419